| 000 | 00000nam##2200000za#4500 |
| 001 | 9.681601 |
| 003 | CaOODSP |
| 005 | 20220901164844 |
| 007 | ta |
| 008 | 150407|2001||||xxc||||| f|0| 0 fre|d |
| 020 | |a0-662-86178-7 |
| 040 | |aCaOODSP|bfre |
| 043 | |an-cn--- |
| 086 | 1 |aJ2-180/2001F |
| 110 | 1 |aCanada.|bJustice Canada. |
| 245 | 10|aVous pouvez y arriver : |bune trousse d'outils pratiques pour l'évaluation des programmes d'intervention policière et de prévention de la criminalité dans la collectivité |
| 260 | |aOttawa - Ontario : |bJustice Canada |c2001. |
| 300 | |a147p. : |bgraphiques, tableaux ; |c28 cm. + |edisque optique compact. |
| 563 | |aCouverture souple |
| 590 | |a02-13|b2002-03-28 |
| 691 | 07|aStratégie|2gcpds |
| 691 | 07|aProgramme communautaire|2gcpds |
| 691 | 07|aPrévention de la criminalité|2gcpds |
| 775 | 08|tYou can do it : |w(CaOODSP)9.648301 |
| 776 | 0#|tVous pouvez y arriver : |w(CaOODSP)9.639583 |